Countries in the Former Soviet Union - Statistics

General Stats
  • This quiz has been taken 2,440 times
  • The average score is 13 of 15
Answer Stats
Hint Answer % Correct
Ukraine
96%
Estonia
93%
Latvia
93%
Lithuania
92%
Russia
92%
Belarus
91%
Georgia
90%
Armenia
88%
Turkmenistan
87%
Uzbekistan
87%
Kazakhstan
85%
Tajikistan
85%
Azerbaijan
83%
Moldova
80%
Kyrgyzstan
65%
No matching quizzes found
Score Distribution
Percent of People with Each Score
Percentile by Number Answered
Your Score History
You have not taken this quiz